00250nam a2200109Ia 4500008004100000020001800041082001500059100003000074245001500104260001000119500001100129260604s9999 xx 000 0 und d a9781250138705 a823.92 MAT aA Feiwel And Friends Book 0aThe Chosen bSHREE aChosen